[Event "41st World U20 ch"]
[Site "Panaji IND"]
[Date "2002.12.17"]
[Round "10.22"]
[White "Carlsson, Pontus"]
[Black "Jagadish, H. D."]
[Result "1-0"]
[WhiteElo "2376"]
[BlackElo "2130"]
[EventDate "2002.12.09"]
[PlyCount "53"]

1.e4 c5 2.Nf3 Nc6 3.Nc3 Nf6 4.Bb5 Nd4 5.e5 Nxb5 6.Nxb5 Nd5 7.Ng5 f5 8.O-O 
e6 9.d4 a6 10.c4 Nb4 11.Nd6+ Bxd6 12.exd6 cxd4 13.Qh5+ g6 14.Qh6 Qf6 15.
Nf3 Nc6 16.Re1 b6 17.Bf4 Qf8 18.Qh4 h6 19.Ne5 Nxe5 20.Bxe5 Rg8 21.Qxd4 Bb7
22.Qxb6 Bc6 23.Bc3 Qxd6 24.Rad1 Rb8 25.Qa7 Qf4 26.Be5 Qg4 27.f3 1-0

[Event "41st World U20 ch"]
[Site "Panaji IND"]
[Date "2002.12.17"]
[Round "10.23"]
[White "Sandipan, Chanda"]
[Black "Kamble, Vikramaditya"]
[Result "1/2-1/2"]
[WhiteElo "2510"]
[BlackElo "2317"]
[EventDate "2002.12.09"]
[PlyCount "88"]

1.e4 e6 2.d4 d5 3.e5 c5 4.c3 Qb6 5.Nf3 Nc6 6.a3 c4 7.Nbd2 Na5 8.g3 Bd7 9.
Bg2 Be7 10.O-O h5 11.Ne1 Bb5 12.Bf3 g6 13.Ng2 Nb3 14.Nxb3 Ba4 15.h4 Bxb3 
16.Qe2 Bd8 17.Bf4 Ne7 18.Ne3 a5 19.Bg5 Qc6 20.Kg2 Kd7 21.Rh1 Nf5 22.Rh2 b5
23.g4 hxg4 24.Bxg4 Bxg5 25.hxg5 Rxh2+ 26.Kxh2 Rh8+ 27.Kg2 Qa8 28.Bxf5 gxf5
29.f4 Qg8 30.Rh1 Rxh1 31.Kxh1 Qh7+ 32.Qh2 Qxh2+ 33.Kxh2 Ke7 34.Kg3 Kf8 35.
Kh4 Kg8 36.Kh5 Kg7 37.Kh4 Ba4 38.Kg3 Kg6 39.Kf2 Bb3 40.Ke2 Kh5 41.Kd2 Ba4 
42.Ng2 Kg4 43.Ke3 Kg3 44.Ne1 Bd1 1/2-1/2

[Event "41st World U20 ch"]
[Site "Panaji IND"]
[Date "2002.12.17"]
[Round "10.24"]
[White "Leong Chee Ming, Luke"]
[Black "Perez Candelario, Manuel"]
[Result "1/2-1/2"]
[WhiteElo "2297"]
[BlackElo "2408"]
[EventDate "2002.12.09"]
[PlyCount "106"]

1.d4 d5 2.c4 e6 3.Nc3 Nf6 4.cxd5 exd5 5.Bg5 c6 6.Qc2 Nbd7 7.e3 Bd6 8.Bd3 
Nf8 9.Nf3 Ng6 10.O-O O-O 11.Rfe1 h6 12.Bxf6 Qxf6 13.e4 dxe4 14.Nxe4 Qd8 
15.Nxd6 Qxd6 16.Qc5 Qf6 17.Re3 Be6 18.Bxg6 fxg6 19.Qe5 Bd5 20.Qxf6 gxf6 
21.Re7 Rf7 22.Re3 Rd7 23.Ne1 Bf7 24.Nf3 Rad8 25.a3 Kf8 26.Rd1 Bd5 27.Ne1 
Bc4 28.Nc2 Bf7 29.Red3 c5 30.f3 g5 31.Kf2 Bg6 32.R3d2 Bxc2 33.Rxc2 cxd4 
34.Rc4 Kf7 35.Ke2 Kg6 36.Kd2 Re8 37.Re1 Re5 38.Re4 Rxe4 39.fxe4 d3 40.Rc3 
Rd4 41.Rc7 Rxe4 42.Kxd3 Ra4 43.Rxb7 h5 44.Ke3 h4 45.h3 a6 46.Rc7 Ra5 47.
Ra7 Kf5 48.Ra8 Ra4 49.Kf3 Rf4+ 50.Ke3 Re4+ 51.Kf3 Rf4+ 52.Ke3 Re4+ 53.Kf3 
Rf4+ 1/2-1/2

[Event "41st World U20 ch"]
[Site "Panaji IND"]
[Date "2002.12.17"]
[Round "10.25"]
[White "Phoobalan, P."]
[Black "Vioreanu, Bogdan"]
[Result "0-1"]
[WhiteElo "2227"]
[BlackElo "2379"]
[EventDate "2002.12.09"]
[PlyCount "64"]

1.e4 c5 2.c3 d6 3.Nf3 Nf6 4.e5 dxe5 5.Bb5+ Bd7 6.Bc4 e4 7.Ne5 e6 8.Nxd7 
Nbxd7 9.O-O Bd6 10.d4 cxd4 11.cxd4 Bxh2+ 12.Kh1 Bb8 13.Bb3 h5 14.f4 Ng4 
15.Qe1 O-O 16.Nc3 Ndf6 17.Ne2 e3 18.Rf3 Nd5 19.Bxd5 exd5 20.Bxe3 Re8 21.
Bf2 Re4 22.Qf1 Bc7 23.Bg1 Qe7 24.Nc3 Rxf4 25.Qe1 Qg5 26.Rxf4 Bxf4 27.Nd1 
Nf6 28.Nf2 Bg3 29.Nh3 Qh4 30.Qb4 Re8 31.Rf1 Re2 32.Qxb7 Rxg2 0-1

[Event "41st World U20 ch"]
[Site "Panaji IND"]
[Date "2002.12.17"]
[Round "10.26"]
[White "Collins, Sam"]
[Black "Geirnaert, Steven"]
[Result "1-0"]
[WhiteElo "2372"]
[BlackElo "2277"]
[EventDate "2002.12.09"]
[PlyCount "109"]

1.d4 Nf6 2.Bg5 e6 3.e4 h6 4.Bxf6 Qxf6 5.Nc3 Bb4 6.Qd2 Nc6 7.e5 Qe7 8.a3 
Bxc3 9.Qxc3 b6 10.f4 Bb7 11.h4 O-O-O 12.Nf3 Kb8 13.O-O-O g5 14.f5 f6 15.
fxe6 g4 16.Nh2 h5 17.exf6 Qxf6 18.Bb5 Ne7 19.Bxd7 Bxg2 20.Rhg1 Bd5 21.Qe1 
Qf4+ 22.Rd2 Rh6 23.Nf1 Qf6 24.Kb1 Bxe6 25.Bxe6 Qxe6 26.Re2 Qc4 27.Rxe7 
Qxd4 28.Ng3 Rhd6 29.Nf5 Qxg1 30.Qxg1 Rd1+ 31.Qxd1 Rxd1+ 32.Ka2 Rf1 33.Ng3 
Rf2 34.Re2 Rf3 35.Rg2 Rf6 36.Nxh5 Rh6 37.Ng7 Rxh4 38.Nf5 Rh5 39.Ne3 Kb7 
40.Rxg4 a5 41.Re4 b5 42.a4 c6 43.c3 Kb6 44.Kb3 Rh2 45.Nc2 Rh5 46.Nd4 Rc5 
47.Re6 Kb7 48.Ka3 Kc7 49.Rxc6+ Rxc6 50.Nxc6 Kxc6 51.axb5+ Kxb5 52.c4+ Kc5 
53.b3 Kc6 54.Ka4 Kb6 55.c5+ 1-0

[Event "41st World U20 ch"]
[Site "Panaji IND"]
[Date "2002.12.17"]
[Round "10.27"]
[White "Das, Arghyadip"]
[Black "Soumya, Ranjan Mishra"]
[Result "1-0"]
[WhiteElo "2324"]
[BlackElo "2207"]
[EventDate "2002.12.09"]
[PlyCount "57"]

1.e4 c5 2.Nf3 e6 3.d4 cxd4 4.Nxd4 a6 5.Bd3 Nc6 6.Nxc6 bxc6 7.c4 Nf6 8.O-O 
d5 9.exd5 cxd5 10.cxd5 Nxd5 11.Be4 Bd6 12.Nc3 Nxc3 13.Bc6+ Ke7 14.bxc3 Rb8
15.Qg4 Kf8 16.Rd1 Qc7 17.Qa4 Be7 18.Be3 f6 19.Rd2 Kf7 20.Qc4 Kf8 21.Bc5 
Qa5 22.Ba7 Rb7 23.Bxb7 Bxb7 24.Rd7 Bd5 25.Qc8+ Kf7 26.Qxh8 Qxc3 27.Rf1 Qb4
28.Qd8 Bxg2 29.Qxe7+ 1-0

[Event "41st World U20 ch"]
[Site "Panaji IND"]
[Date "2002.12.17"]
[Round "10.28"]
[White "Gopal, Geetha Narayanan"]
[Black "Poliakov, Dmitry"]
[Result "1/2-1/2"]
[WhiteElo "2174"]
[BlackElo "2290"]
[EventDate "2002.12.09"]
[PlyCount "95"]

1.e4 c5 2.Nf3 Nc6 3.Bb5 g6 4.O-O Bg7 5.Re1 e5 6.Bxc6 dxc6 7.d3 Ne7 8.Be3 
b6 9.Nbd2 O-O 10.a3 a5 11.Nc4 Bg4 12.h3 Bxf3 13.Qxf3 Qc7 14.b4 axb4 15.
axb4 b5 16.Nd2 cxb4 17.Bc5 Rfb8 18.Nb3 Ra4 19.Qe3 Nc8 20.Qd2 Bf8 21.Bxf8 
Kxf8 22.Nc5 Rxa1 23.Rxa1 Kg7 24.Qxb4 Qd6 25.c3 Nb6 26.Ra7 Ra8 27.Rxa8 Nxa8
28.d4 Nb6 29.Nd3 Qxb4 30.Nxb4 Na4 31.Nxc6 Nxc3 32.f3 exd4 33.Nxd4 Kf6 34.
Kf2 Ke5 35.Nb3 h5 36.h4 f5 37.exf5 Kxf5 38.g3 Ke5 39.Ke3 Nd5+ 40.Kd3 Ne7 
41.g4 Kf4 42.Nd4 b4 43.Kc4 hxg4 44.fxg4 Kxg4 45.Kxb4 Kxh4 46.Kc4 Kg3 47.
Ne6 Kg4 48.Nf8 1/2-1/2

[Event "41st World U20 ch"]
[Site "Panaji IND"]
[Date "2002.12.17"]
[Round "10.29"]
[White "Eriksson, Jonas"]
[Black "Borchgrevink, Harald"]
[Result "1-0"]
[WhiteElo "2278"]
[BlackElo "2174"]
[EventDate "2002.12.09"]
[PlyCount "115"]

1.d4 Nf6 2.c4 e6 3.Nf3 b6 4.a3 Ba6 5.Qc2 Bb7 6.Nc3 c5 7.e4 cxd4 8.Nxd4 d6 
9.Be2 Be7 10.Be3 a6 11.O-O Qc7 12.f3 O-O 13.Rac1 Nbd7 14.Rfd1 Rac8 15.Bf1 
Qb8 16.Qf2 Bd8 17.g4 Ne5 18.g5 Nfd7 19.b3 Nc6 20.Nce2 Nxd4 21.Nxd4 Bc7 22.
Bh3 Rfe8 23.a4 Rcd8 24.b4 Qa8 25.Bf1 Bb8 26.Ne2 Rc8 27.Nf4 a5 28.b5 Nc5 
29.Nh5 Nxa4 30.Bd4 e5 31.Be3 Nc5 32.Bxc5 Rxc5 33.Qg3 Kh8 34.Qh4 Bc8 35.Rc2
Be6 36.Rg2 Bc7 37.Rg3 Qc8 38.Bh3 Bd8 39.Nf6 Bxf6 40.gxf6 Rg8 41.fxg7+ Rxg7
42.Rxg7 Kxg7 43.Qg5+ Kf8 44.Rxd6 Bxh3 45.Rd8+ Qxd8 46.Qxd8+ Kg7 47.Qg5+ 
Kh8 48.Qf6+ Kg8 49.Qh6 Be6 50.Qg5+ Kf8 51.Qd8+ Kg7 52.Qxb6 Rxc4 53.Qxa5 
Rc1+ 54.Kf2 Rc2+ 55.Ke3 Kf6 56.Qd8+ Kg6 57.h4 Rc8 58.Qg5# 1-0

[Event "41st World U20 ch"]
[Site "Panaji IND"]
[Date "2002.12.17"]
[Round "10.30"]
[White "Akshayraj, Kore"]
[Black "Thakur, Akash"]
[Result "1/2-1/2"]
[WhiteElo "2167"]
[BlackElo "2257"]
[EventDate "2002.12.09"]
[PlyCount "101"]

1.e4 e5 2.Nf3 Nc6 3.Bb5 a6 4.Ba4 Nf6 5.O-O Be7 6.Re1 b5 7.Bb3 O-O 8.d3 d6 
9.c3 Na5 10.Bc2 c5 11.Nbd2 Re8 12.Nf1 h6 13.h3 Bf8 14.Ng3 g6 15.Nh2 d5 16.
Qe2 Qc7 17.Ng4 Nxg4 18.hxg4 d4 19.g5 h5 20.Nf1 Be6 21.Bd2 Nc6 22.Nh2 Kg7 
23.g3 Bd6 24.Rf1 Bh3 25.Rfc1 Be6 26.Rf1 Bh3 27.Rfc1 Rh8 28.f3 Be6 29.Qf2 
Raf8 30.cxd4 Nxd4 31.Bd1 Qb6 32.f4 f6 33.gxf6+ Rxf6 34.Nf3 exf4 35.Nxd4 
cxd4 36.gxf4 Rhf8 37.Qg2 Bxf4 38.Bxf4 Rxf4 39.Bxh5 Bd7 40.Rf1 Rxf1+ 41.
Rxf1 Rxf1+ 42.Kxf1 Qf6+ 43.Kg1 Kh6 44.Be2 Qf4 45.Qf2 Kg5 46.Qxd4 Qg3+ 47.
Kh1 Qh3+ 48.Kg1 Qg3+ 49.Kh1 Qh3+ 50.Kg1 Qg3+ 51.Kh1 1/2-1/2

[Event "41st World U20 ch"]
[Site "Panaji IND"]
[Date "2002.12.17"]
[Round "10.31"]
[White "Sriram, Sarja"]
[Black "Singh, Rishipal"]
[Result "1-0"]
[WhiteElo "2100"]
[BlackElo "2252"]
[EventDate "2002.12.09"]
[PlyCount "161"]

1.Nf3 e6 2.c4 f5 3.d4 Nf6 4.g3 Be7 5.Bg2 O-O 6.O-O d6 7.Nc3 Qe8 8.Qc2 Qh5 
9.e4 e5 10.dxe5 dxe5 11.Nd5 Bd8 12.Nxe5 fxe4 13.f4 exf3 14.Nxf6+ Bxf6 15.
Nxf3 Qc5+ 16.Kh1 Be6 17.Ng5 Bxg5 18.Rxf8+ Qxf8 19.Bxg5 Nc6 20.Re1 Re8 21.
Bf4 Qb4 22.Bd2 Qd6 23.Bf4 Qb4 24.Bd2 Qc5 25.Qc3 Kh8 26.b4 Qd6 27.b5 Nd4 
28.Bf4 Qc5 29.Re5 Nxb5 30.Rxc5 Nxc3 31.Rxc7 Bg8 32.Bxb7 Nxa2 33.c5 Nb4 34.
Rd7 Be6 35.Rd4 a5 36.Bc7 Bh3 37.Kg1 Nc2 38.Rd2 Ne3 39.Bxa5 Kg8 40.Rd8 Kf7 
41.c6 Rxd8 42.Bxd8 Nd5 43.Kf2 Ke8 44.Ba5 Ne7 45.Kf3 Be6 46.c7 Kd7 47.Kf4 
Kd6 48.Be4 Nd5+ 49.Bxd5 Kxd5 50.Bc3 Kc6 51.Be5 g6 52.Kg5 Kd7 53.Kh6 Bf5 
54.Kxh7 g5+ 55.Kh6 g4 56.Kg5 Be6 57.Kh4 Ke7 58.h3 gxh3 59.g4 Kf7 60.Kxh3 
Kg6 61.Kg3 Kg5 62.Bf4+ Kf6 63.Bd6 Bd7 64.Kf4 Kg6 65.Be7 Kf7 66.Bd8 Kg6 67.
g5 Bc8 68.Ke5 Kf7 69.Kd6 Bf5 70.Kc6 Bc8 71.Kb6 Ke8 72.Ka7 Kd7 73.Kb8 Ba6 
74.g6 Ke8 75.c8=Q Bxc8 76.Kxc8 Kf8 77.Bf6 Ke8 78.g7 Kf7 79.Kd7 Kg8 80.Ke6 
Kh7 81.Kf7 1-0

[Event "41st World U20 ch"]
[Site "Panaji IND"]
[Date "2002.12.17"]
[Round "10.32"]
[White "Pranjal, Phukan"]
[Black "Kjartansson, David"]
[Result "0-1"]
[WhiteElo "2059"]
[BlackElo "2224"]
[EventDate "2002.12.09"]
[PlyCount "80"]

1.e4 c5 2.Nf3 d6 3.d4 cxd4 4.Nxd4 Nf6 5.Nc3 g6 6.Be2 Bg7 7.Be3 O-O 8.O-O 
Nc6 9.h3 a6 10.Nb3 Be6 11.f4 b5 12.Bf3 Rc8 13.Nd5 Bxd5 14.exd5 Na5 15.Nxa5
Qxa5 16.c3 b4 17.Bd4 Ne8 18.Bxg7 Nxg7 19.cxb4 Qxb4 20.Qe2 Nf5 21.Rf2 Qxf4 
22.Bg4 Rc1+ 23.Rxc1 Qxc1+ 24.Kh2 Ne3 25.Qxa6 h5 26.Bf3 h4 27.Qc6 Qe1 28.
Re2 Nf1+ 29.Kg1 Qa1 30.Kf2 Ng3 31.Rc2 Qf1+ 32.Ke3 Nf5+ 33.Ke4 Rb8 34.b3 
Rb4+ 35.Rc4 Qb1+ 36.Kf4 Qc1+ 37.Kg4 Rxc4+ 38.bxc4 Qe3 39.Qb5 Qd4+ 40.Kg5 
Kg7 0-1

[Event "41st World U20 ch"]
[Site "Panaji IND"]
[Date "2002.12.17"]
[Round "10.33"]
[White "Ravichandran, Siddharth"]
[Black "Naveen, R."]
[Result "1/2-1/2"]
[WhiteElo "2223"]
[BlackElo "2099"]
[EventDate "2002.12.09"]
[PlyCount "62"]

1.e4 e5 2.Nc3 Nf6 3.g3 Bc5 4.Bg2 O-O 5.d3 Re8 6.Nge2 c6 7.O-O d5 8.exd5 
cxd5 9.Bg5 d4 10.Nd5 Nbd7 11.f4 Be7 12.Nxe7+ Qxe7 13.f5 Qc5 14.h3 h6 15.
Bd2 Nb6 16.g4 Bd7 17.Bxb7 Rab8 18.Bg2 Nbd5 19.b3 e4 20.Rc1 Rbc8 21.Kh1 e3 
22.Be1 Bc6 23.Kg1 Nb4 24.Bxb4 Qxb4 25.Bxc6 Rxc6 26.Rf4 Qd2 27.Rxd4 Qxd1+ 
28.Rxd1 Rxc2 29.Kf1 Rxa2 30.Ra4 Rb2 31.Rxa7 Rxb3 1/2-1/2

[Event "41st World U20 ch"]
[Site "Panaji IND"]
[Date "2002.12.17"]
[Round "10.34"]
[White "Pereira, Edgar"]
[Black "Dutta, Sayantan"]
[Result "1/2-1/2"]
[WhiteElo "2049"]
[BlackElo "2275"]
[EventDate "2002.12.09"]
[PlyCount "176"]

1.e4 e6 2.d4 d5 3.Nc3 Nf6 4.e5 Nfd7 5.f4 c5 6.Nf3 Nc6 7.Be3 a6 8.Qd2 b5 9.
dxc5 Bxc5 10.Bxc5 Nxc5 11.Qf2 Qb6 12.Bd3 b4 13.Ne2 a5 14.O-O Ba6 15.Rfd1 
h6 16.Kh1 Ne7 17.Ned4 O-O 18.Qh4 Rfe8 19.Qg4 Ne4 20.Rf1 Rac8 21.Rad1 Nc6 
22.Bxa6 Qxa6 23.f5 Nxd4 24.Nxd4 Rc4 25.fxe6 Rxe6 26.Qf5 Re7 27.e6 Nf6 28.
exf7+ Rxf7 29.Ne6 Qd6 30.Nd4 Qd7 31.Qxd7 Rxd7 32.Rfe1 Kh7 33.Kg1 Rc8 34.
Re6 Ra8 35.Kf1 Kg6 36.Ke2 Kf7 37.Kd3 Ne4 38.Rf1+ Kg8 39.Rc6 Re8 40.Nf3 Rf8
41.Kd4 Ng5 42.Nd2 Re8 43.Rf2 Ne6+ 44.Kd3 Ng5 45.Re2 Rf8 46.h4 Ne4 47.Nxe4 
dxe4+ 48.Ke3 Re8 49.Rc5 Ra7 50.Kd4 e3 51.Re5 Rd7+ 52.Ke4 Rxe5+ 53.Kxe5 Rd2
54.Rxe3 Rxc2 55.Rb3 Rxg2 56.a3 Rg4 57.Rh3 h5 58.Kd5 Kh7 59.Ke5 bxa3 60.
bxa3 a4 61.Kd5 Kh6 62.Ke5 g5 63.hxg5+ Kxg5 64.Rf3 h4 65.Rf5+ Kh6 66.Rf8 
Kg7 67.Rf3 Kh6 68.Rf8 Kh7 69.Rf3 Kg6 70.Rf6+ Kg7 71.Rf3 Rc4 72.Kd5 Rc8 73.
Rf4 Rh8 74.Rxa4 h3 75.Rg4+ Kf6 76.Rg1 Ra8 77.Ra1 Kf5 78.Kc5 Kf4 79.Kb4 h2 
80.a4 Kg3 81.a5 Kh3 82.Kb5 Rg8 83.Rh1 Rg1 84.Rxh2+ Kxh2 85.a6 Ra1 86.Kb6 
Kg3 87.a7 Kf4 88.Kb7 Ke5 1/2-1/2

[Event "41st World U20 ch"]
[Site "Panaji IND"]
[Date "2002.12.17"]
[Round "10.35"]
[White "Vuilleumier, Alexandre"]
[Black "Macak, Stefan"]
[Result "1/2-1/2"]
[WhiteElo "2193"]
[BlackElo "2246"]
[EventDate "2002.12.09"]
[PlyCount "108"]

1.e4 e6 2.d4 d5 3.Nc3 Bb4 4.exd5 exd5 5.Bd3 Nc6 6.Be3 Nge7 7.Qf3 Be6 8.Ne2
Qd7 9.a3 Bg4 10.Qg3 Bxe2 11.Kxe2 Bxc3 12.bxc3 Nf5 13.Qf3 Nxe3 14.Qxe3+ Ne7
15.Rhe1 O-O 16.Kf1 Rae8 17.Rab1 Nc8 18.Qg5 Nb6 19.Qf5 Qxf5 20.Bxf5 g6 21.
Bd3 f6 22.h4 Kf7 23.h5 Rxe1+ 24.Rxe1 Rd8 25.Re3 f5 26.f3 Rd6 27.g4 f4 28.
Re5 Rc6 29.c4 Nxc4 30.Bxc4 Rxc4 31.Rxd5 gxh5 32.gxh5 Rxc2 33.Rd7+ Kf6 34.
Rxh7 b6 35.Rd7 Kg5 36.Rd5+ Kh6 37.Rf5 Rc3 38.Rxf4 Rxa3 39.Ke2 Kxh5 40.Rf8 
Kg6 41.Rc8 Rc3 42.Kd2 Rxf3 43.Rxc7 Rf7 44.Rc6+ Kg7 45.Kd3 Rd7 46.Ke4 Kf7 
47.d5 Re7+ 48.Kd4 Ke8 49.d6 Rd7 50.Kd5 Kd8 51.Rc1 Rh7 52.Kc6 Rh2 53.Ra1 
Rc2+ 54.Kb7 Kd7 1/2-1/2

[Event "41st World U20 ch"]
[Site "Panaji IND"]
[Date "2002.12.17"]
[Round "10.36"]
[White "Russell, Majwuana Kankanamge Athula"]
[Black "Cruz, Wilson"]
[Result "0-1"]
[WhiteElo "2243"]
[BlackElo "2021"]
[EventDate "2002.12.09"]
[PlyCount "54"]

1.e4 c5 2.Nf3 d6 3.d4 cxd4 4.Nxd4 Nf6 5.Nc3 a6 6.Bg5 e6 7.f4 Be7 8.Qf3 Qc7
9.O-O-O O-O 10.g4 b5 11.Bxf6 Bxf6 12.g5 Bxd4 13.Rxd4 Nc6 14.Rd2 b4 15.Nd1 
Bb7 16.Kb1 Rfc8 17.Rg1 a5 18.Bh3 a4 19.Nf2 Na5 20.b3 d5 21.Rgd1 axb3 22.
cxb3 dxe4 23.Nxe4 Bd5 24.f5 Nxb3 25.Rb2 Bxe4+ 26.Qxe4 Qc1+ 27.Rxc1 Rxc1# 
0-1

[Event "41st World U20 ch"]
[Site "Panaji IND"]
[Date "2002.12.17"]
[Round "10.37"]
[White "Arjun Tiwari, Deepak"]
[Black "Pratik Shriwas, R."]
[Result "1/2-1/2"]
[WhiteElo "2154"]
[BlackElo "2148"]
[EventDate "2002.12.09"]
[PlyCount "62"]

1.e4 c5 2.Nc3 Nc6 3.f4 g6 4.Nf3 Bg7 5.g3 d6 6.Bg2 e6 7.O-O Nge7 8.d3 O-O 
9.Ne2 Rb8 10.g4 f5 11.h3 b5 12.Ng3 b4 13.Qe1 Nd4 14.Nxd4 cxd4 15.b3 Qc7 
16.Rf2 e5 17.gxf5 gxf5 18.fxe5 dxe5 19.exf5 Bxf5 20.a3 bxa3 21.Bxa3 Bg6 
22.Be4 Bh6 23.Rxf8+ Rxf8 24.Bxg6 Be3+ 25.Kh1 hxg6 26.Ne4 Rf5 27.Qg3 Bf4 
28.Qg4 Qxc2 29.Qg1 Be3 30.Qg4 Bf4 31.Qg1 Be3 1/2-1/2

[Event "41st World U20 ch"]
[Site "Panaji IND"]
[Date "2002.12.17"]
[Round "10.38"]
[White "Sangma, Rahul"]
[Black "Kafka, Graeme"]
[Result "1-0"]
[WhiteElo "2214"]
[BlackElo "2108"]
[EventDate "2002.12.09"]
[PlyCount "59"]

1.e4 c5 2.c3 Nf6 3.d3 Nc6 4.f4 d6 5.Nf3 Bg4 6.h3 Bxf3 7.Qxf3 e5 8.g4 exf4 
9.Bxf4 Be7 10.Na3 Ne5 11.Qe2 Nfd7 12.O-O-O Rc8 13.Kb1 O-O 14.d4 cxd4 15.
cxd4 Ng6 16.Bg3 d5 17.Nb5 dxe4 18.Qxe4 Qb6 19.Qf3 Nh4 20.Qb3 a6 21.Nd6 Rc6
22.Qxb6 Rxb6 23.Nc4 Rc6 24.Na5 Rb6 25.Bc7 Rf6 26.Nxb7 Rc6 27.Bg3 f5 28.Na5
Rcc8 29.Bc4+ Kh8 30.Be6 1-0

[Event "41st World U20 ch"]
[Site "Panaji IND"]
[Date "2002.12.17"]
[Round "10.40"]
[White "Byomakesh, Nayak"]
[Black "Sprenger, Wendelin"]
[Result "1-0"]
[WhiteElo "2136"]
[BlackElo "2174"]
[EventDate "2002.12.09"]
[PlyCount "37"]

1.d4 d5 2.c4 c6 3.Nc3 Nf6 4.e3 e6 5.Nf3 Nbd7 6.Bd3 dxc4 7.Bxc4 b5 8.Bd3 a6
9.O-O Bb7 10.e4 c5 11.d5 Qc7 12.Qe2 c4 13.Bc2 Nc5 14.Bg5 Be7 15.d6 Qxd6 
16.e5 Qc6 17.exf6 gxf6 18.Bh4 O-O-O 19.Rfe1 1-0

[Event "41st World U20 ch"]
[Site "Panaji IND"]
[Date "2002.12.17"]
[Round "10.41"]
[White "Sanchit, Agarwal"]
[Black "Kosmo, Santul"]
[Result "0-1"]
[WhiteElo "2004"]
[BlackElo "2145"]
[EventDate "2002.12.09"]
[PlyCount "50"]

1.e4 g6 2.d4 Bg7 3.Nc3 d6 4.Be3 a6 5.Qd2 Nd7 6.Nf3 b6 7.Bc4 e6 8.Bd3 Bb7 
9.Bg5 Ne7 10.Bh6 O-O 11.Bxg7 Kxg7 12.h4 h5 13.O-O-O c5 14.Qf4 cxd4 15.Ne2 
e5 16.Qd2 Nc5 17.Ng3 f6 18.Ne1 d5 19.f3 Rc8 20.Qe2 Qd6 21.Nf1 Na4 22.Nd2 
Nc3 23.bxc3 Qa3+ 24.Kb1 dxc3 25.Nb3 Qb2# 0-1

[Event "41st World U20 ch"]
[Site "Panaji IND"]
[Date "2002.12.17"]
[Round "10.42"]
[White "Pradeep, T. S."]
[Black "Gurpreet, Singh Maras"]
[Result "1-0"]
[WhiteElo "2111"]
[BlackElo "2145"]
[EventDate "2002.12.09"]
[PlyCount "75"]

1.e4 c5 2.d4 cxd4 3.c3 dxc3 4.Nxc3 d6 5.Bc4 Nf6 6.e5 Nfd7 7.Nf3 dxe5 8.Bg5
Qb6 9.O-O e6 10.Rc1 Be7 11.Bxe6 Qxe6 12.Nd5 Na6 13.Bxe7 f6 14.Ba3 Nb6 15.
Nxb6 axb6 16.Qe2 Bd7 17.Rfd1 Nc5 18.Bxc5 bxc5 19.Rxc5 O-O 20.a3 Rac8 21.
Rxc8 Rxc8 22.h3 Qf7 23.Qe3 Bc6 24.Ne1 Qe6 25.Qb6 Qe7 26.Nc2 Ba4 27.b3 Rxc2
28.bxa4 Rc7 29.Qb3+ Kf8 30.a5 Rd7 31.Rc1 Rc7 32.Rb1 Qf7 33.Qb5 Qd7 34.Qb6 
Qd3 35.a6 Rc6 36.Qb4+ Kf7 37.axb7 Rc4 38.Qxc4+ 1-0

[Event "41st World U20 ch"]
[Site "Panaji IND"]
[Date "2002.12.17"]
[Round "10.43"]
[White "Phanikanth, J. S. S."]
[Black "Himanshu, Kumar"]
[Result "1/2-1/2"]
[WhiteElo "2012"]
[BlackElo "2072"]
[EventDate "2002.12.09"]
[PlyCount "35"]

1.e4 c5 2.Nf3 Nc6 3.d4 cxd4 4.Nxd4 e6 5.Nc3 a6 6.Be2 Qc7 7.O-O Nf6 8.a3 
Nxd4 9.Qxd4 Bc5 10.Qd3 b5 11.Be3 Bb7 12.Rad1 O-O 13.f4 Rac8 14.Bxc5 Qxc5+ 
15.Kh1 d5 16.exd5 Nxd5 17.Nxd5 Bxd5 18.Qh3 1/2-1/2

[Event "41st World U20 ch"]
[Site "Panaji IND"]
[Date "2002.12.18"]
[Round "11.2"]
[White "Aronian, Levon"]
[Black "Poobesh Anand, Selvaraj"]
[Result "1-0"]
[WhiteElo "2581"]
[BlackElo "2351"]
[EventDate "2002.12.09"]
[PlyCount "81"]

1.d4 Nf6 2.Nf3 e6 3.g3 b6 4.Bg2 Bb7 5.c4 Bb4+ 6.Nbd2 Ne4 7.O-O Nxd2 8.Bxd2
Bxd2 9.Qxd2 O-O 10.Qc2 Nc6 11.a3 d5 12.cxd5 exd5 13.Rac1 Re8 14.b4 a6 15.
Rfd1 Qe7 16.e3 Rad8 17.Rd3 Rd6 18.Rc3 f6 19.Bf1 Rc8 20.Qa4 Ra8 21.Qc2 Qd8 
22.b5 axb5 23.Bxb5 Na7 24.Bd3 h6 25.Rxc7 Bc6 26.Bh7+ Kf8 27.Rxg7 Kxg7 28.
Qg6+ Kh8 29.Qxh6 Qf8 30.Qh5 Qg7 31.Bg6+ Kg8 32.Nh4 Rd7 33.Nf5 Qh8 34.Qg4 
Kf8 35.h4 Rg7 36.Nxg7 Qxg7 37.h5 Be8 38.Qf5 Rd8 39.Bxe8 Kxe8 40.Qe6+ Qe7 
41.Qxe7+ 1-0

[Event "41st World U20 ch"]
[Site "Panaji IND"]
[Date "2002.12.18"]
[Round "11.3"]
[White "Wojtaszek, Radoslaw"]
[Black "Harikrishna, Pentala"]
[Result "1/2-1/2"]
[WhiteElo "2452"]
[BlackElo "2551"]
[EventDate "2002.12.09"]
[PlyCount "53"]

1.d4 Nf6 2.c4 c5 3.d5 b5 4.cxb5 a6 5.f3 e6 6.e4 c4 7.Bxc4 axb5 8.Bxb5 Bc5 
9.Nc3 Bb7 10.Nge2 O-O 11.Kf1 exd5 12.exd5 Ba7 13.g3 Qb6 14.Kg2 Qf2+ 15.Kh3
Qxf3 16.Nf4 Qf2 17.Rf1 Qc5 18.Re1 Qd6 19.Nh5 Nxh5 20.Qxh5 Bd4 21.a4 Bxc3 
22.bxc3 Bxd5 23.Ba3 Be6+ 24.Kg2 Bd5+ 25.Kh3 Be6+ 26.Kg2 Bd5+ 27.Kh3 
1/2-1/2

[Event "41st World U20 ch"]
[Site "Panaji IND"]
[Date "2002.12.18"]
[Round "11.4"]
[White "Ganguly, Surya Shekhar"]
[Black "Berkes, Ferenc"]
[Result "1/2-1/2"]
[WhiteElo "2531"]
[BlackElo "2545"]
[EventDate "2002.12.09"]
[PlyCount "103"]

1.e4 e6 2.d4 d5 3.e5 b6 4.c3 Qd7 5.h4 a5 6.h5 Ba6 7.Bxa6 Nxa6 8.Ne2 c5 9.
a3 Nb8 10.Qd3 Qa4 11.Nd2 c4 12.Qh3 Qc2 13.Nf1 Qa4 14.Ne3 Qd7 15.f4 Nh6 16.
f5 Nxf5 17.Nxf5 exf5 18.O-O Nc6 19.Qxf5 Qxf5 20.Rxf5 Ra7 21.h6 Nd8 22.hxg7
Bxg7 23.Nf4 Rd7 24.Nh5 Ne6 25.Rg5 f6 26.exf6 Bf8 27.Rf5 Kf7 28.Bf4 Rg8 29.
Re1 Rg4 30.Bh2 Rg5 31.Rxg5 Nxg5 32.Re5 Ne4 33.Rf5 b5 34.Nf4 Bxa3 35.bxa3 
Nxc3 36.Bg3 b4 37.axb4 axb4 38.Be1 Na2 39.Nxd5 b3 40.Nc3 Rb7 41.Nxa2 bxa2 
42.Bc3 Rb3 43.Ba1 c3 44.Kf2 c2 45.Rc5 Rb1 46.Rxc2 Rxa1 47.Kg3 Kxf6 48.Rc6+
Kf5 49.Ra6 Ke4 50.Ra4 h5 51.d5+ Kxd5 52.Kh2 1/2-1/2

[Event "41st World U20 ch"]
[Site "Panaji IND"]
[Date "2002.12.18"]
[Round "11.6"]
[White "Smerdon, David"]
[Black "Ghaem Maghami, Ehsan"]
[Result "0-1"]
[WhiteElo "2382"]
[BlackElo "2511"]
[EventDate "2002.12.09"]
[PlyCount "100"]

1.d4 Nf6 2.c4 e6 3.Nc3 Bb4 4.f3 c5 5.d5 O-O 6.e4 exd5 7.cxd5 Re8 8.Ne2 d6 
9.Ng3 a6 10.a4 h5 11.h4 g6 12.Qd2 Nbd7 13.Qh6 Nh7 14.Bg5 Qa5 15.Rc1 Nb6 
16.Ne2 Nc4 17.g4 Bxg4 18.fxg4 Ne5 19.Rg1 Nxg4 20.Rxg4 hxg4 21.Bg2 Re5 22.
Ng3 Nxg5 23.hxg5 Qd8 24.Kf2 Qxg5 25.Qxg5 Rxg5 26.Ke3 Re5 27.Kf4 b5 28.axb5
axb5 29.Kxg4 Ra5 30.Bf1 c4 31.Kf3 Kg7 32.Nce2 Bc5 33.Nf4 Ra2 34.Rb1 Bd4 
35.b3 Ra3 36.Nfe2 Bc5 37.Nc1 f5 38.Kf4 Kf6 39.exf5 Be3+ 40.Kf3 Bxc1 41.
Rxc1 Rxb3+ 42.Kf4 gxf5 43.Bh3 Rxd5 44.Nh5+ Kg6 45.Rg1+ Kxh5 46.Bxf5 Rf3+ 
47.Kxf3 Rxf5+ 48.Ke4 Rg5 49.Rd1 d5+ 50.Kd4 b4 0-1

[Event "41st World U20 ch"]
[Site "Panaji IND"]
[Date "2002.12.18"]
[Round "11.7"]
[White "Erenburg, Sergey"]
[Black "Neelotpal, Das"]
[Result "1-0"]
[WhiteElo "2494"]
[BlackElo "2374"]
[EventDate "2002.12.09"]
[PlyCount "51"]

1.e4 e6 2.d4 d5 3.e5 c5 4.c3 Nc6 5.Nf3 Bd7 6.Be2 f6 7.O-O cxd4 8.cxd4 fxe5
9.Nxe5 Nxe5 10.dxe5 Bc5 11.Bh5+ g6 12.Bg4 Ne7 13.Bh6 Qc7 14.Bg7 Rg8 15.Bf6
O-O-O 16.Nd2 Nc6 17.Rc1 Bd4 18.b4 Qb6 19.Nb3 Bb2 20.Rc2 Ba3 21.b5 Qxb5 22.
Nd4 Qa5 23.Bxd8 Rxd8 24.Bxe6 Bxe6 25.Nxe6 Re8 26.Nd4 1-0

[Event "41st World U20 ch"]
[Site "Panaji IND"]
[Date "2002.12.18"]
[Round "11.8"]
[White "Satyapragyan, Swayangsu"]
[Black "Bu Xiangzhi"]
[Result "1/2-1/2"]
[WhiteElo "2436"]
[BlackElo "2601"]
[EventDate "2002.12.09"]
[PlyCount "48"]

1.e4 c5 2.Nf3 Nc6 3.d4 cxd4 4.Nxd4 g6 5.c4 Bg7 6.Be3 Nf6 7.Nc3 d6 8.Be2 
O-O 9.O-O Bd7 10.Qd2 Nxd4 11.Bxd4 Bc6 12.f3 Nd7 13.Be3 a5 14.b3 Nc5 15.
Rab1 Qb6 16.Rfc1 Rfc8 17.Kh1 Qb4 18.Nd5 Bxd5 19.cxd5 Nd7 20.Rxc8+ Rxc8 21.
Qxb4 axb4 22.Rc1 Nc5 23.Bd2 Ra8 24.Rc2 f5 1/2-1/2

[Event "41st World U20 ch"]
[Site "Panaji IND"]
[Date "2002.12.18"]
[Round "11.9"]
[White "Inarkiev, Ernesto"]
[Black "Sadykov, Rustem"]
[Result "1-0"]
[WhiteElo "2556"]
[BlackElo "2400"]
[EventDate "2002.12.09"]
[PlyCount "87"]

1.d4 d5 2.c4 c6 3.Nf3 Nf6 4.e3 Bg4 5.Nbd2 e6 6.Bd3 Nbd7 7.O-O Bd6 8.b3 O-O
9.Bb2 Bh5 10.Qc2 Qb8 11.h3 Bg6 12.Bxg6 hxg6 13.c5 Bc7 14.b4 e5 15.dxe5 
Nxe5 16.a4 a6 17.Rab1 Nxf3+ 18.Nxf3 Ne4 19.Bd4 Re8 20.b5 axb5 21.axb5 Qc8 
22.Rb4 g5 23.Rfb1 g4 24.hxg4 Qxg4 25.bxc6 bxc6 26.Rb7 Rac8 27.Qb2 Qf5 28.
Ra1 Rb8 29.Raa7 Kh7 30.Qa1 Rxb7 31.Rxb7 Qc8 32.Ra7 Qb8 33.Bxg7 f6 34.Bxf6 
Nxf6 35.Rxc7+ Qxc7 36.Qxf6 Re7 37.Ng5+ Kg8 38.Ne6 Qa7 39.Qg6+ Kh8 40.Qf6+ 
Kg8 41.g4 Qd7 42.Qg6+ Kh8 43.Qh6+ Kg8 44.Qg5+ 1-0